000 00251nam a22000977a 4500
008 221031b |||||||| |||| 00| 0 eng d
020 _a9789326190725
100 _aPANDEY MANOHAR
_97602
245 _aGENERAL KNOWLEDGE-2023
260 _aINDIA
_bARIHANT
_c2022
999 _c12110
_d12110